Planes By Picture #1 - Statistics

General Stats
  • This quiz has been taken 4,178 times
    3,828 since last reset
  • The average score is 13 of 20
Answer Stats
Picture Answer % Correct
Beluga
83%
747
82%
Concorde
82%
A380
81%
Antonov 225
74%
737
70%
A340
69%
777
68%
A350
66%
A320
65%
A318
62%
787
61%
A330
61%
767
60%
A321
59%
757
58%
MD-11
57%
ATR72
43%
De Havilland Canada
30%
CRJ-100
20%
No matching quizzes found
Score Distribution
Percent of People with Each Score
Percentile by Number Answered
Your Score History
You have not taken this quiz since the last reset